00459nam a2200193Ia 4500003000900000008004100009040001300050040001300063041000800076100001800084245008500102250001100187260001200198260000900210300001100219300001000230490001600240490000900256IT-RoPAU120407s9999 xx 000 0 und d aIT-RoPAU cIT-RoPAU aita aLuigi Einaudi aLe prediche della domenica ovverossia compendio elementare di economia politica. aTorino aEinaudi c1987 a144 p. c20 cm aGli struzzi v1312